Kroniky. 2 Draci zimní noci /

Hlavní autor: Weis, Margaret, 1948-
Další autoři: Hickman, Tracy, 1955-, Doležel, Pavel, 1939-
Jazyk: Čeština
Vydáno: Brno : Návrat, 1995
Edice: DragonLance (Návrat)
Témata:
Fyzický popis: 453 s. ; 19 cm
Knihy
Uloženo v:
LEADER 01401nam a22003972a 4500
001 001812379
003 CZ BrMZK
005 20220711113943.0
007 ta
008 220118s1995 xr er|||||||||||cze d
015 |a cnb000108778 
020 |a 80-7174-817-X  |q (brož.) :  |c Kč 130,00 
035 |a (OCoLC)36613780 
040 |a ABA001  |b cze 
041 1 |a cze  |h eng 
072 7 |a 821.111(73)-3  |x Americká próza  |2 Konspekt  |9 25 
080 |a 821.111(73)-31  |2 MRF 
080 |a (0:82-312.9)  |2 MRF 
100 1 |a Weis, Margaret,  |d 1948-  |7 jn20001103813  |4 aut 
245 1 0 |a Kroniky.  |n 2  |p Draci zimní noci /  |c Margaret Weis & Tracy Hickman ; [z angličtiny přeložil Pavel Doležel] 
246 3 0 |a Draci zimní noci 
260 |a Brno :  |b Návrat,  |c 1995  |e (Brno :  |f Spektrum) 
300 |a 453 s. ;  |c 19 cm 
490 1 |a DragonLance 
500 |a Z cyklu Dračí kopí - sága 
655 7 |a americké romány  |7 fd131796  |2 czenas 
655 7 |a fantasy romány  |7 fd184199  |2 czenas 
700 1 |a Hickman, Tracy,  |d 1955-  |7 jn20001227778  |4 aut 
700 1 |a Doležel, Pavel,  |d 1939-  |7 mzk2006322936  |4 trl 
740 0 2 |a Dračí kopí - sága 
765 0 |t Chronicles. Dragons of winter night  |9 Česky 
830 0 |a DragonLance (Návrat)  |0 s 
910 |a BOA001  |b 1-1006.514,2 
990 |a BK 
991 |b 202201 
996 6 |b 2610891745  |c 1-1006.514,2  |l MZK  |r Sklad / do 1 hodiny  |n 1  |p ar  |w 001876196  |u 000010  |a 1  |e BOA001  |j MZK50  |s P